Executive writing skills for managers : (Record no. 357231)
[ view plain ]
| 000 -LEADER | |
|---|---|
| fixed length control field | 00551nam a2200193Ia 4500 |
| 008 - FIXED-LENGTH DATA ELEMENTS--GENERAL INFORMATION | |
| fixed length control field | 180523s9999 xx 000 0 und d |
| 020 ## - INTERNATIONAL STANDARD BOOK NUMBER | |
| International Standard Book Number | 978-0-7494-5518-7 |
| 050 ## - LIBRARY OF CONGRESS CALL NUMBER | |
| Classification number | MAIN HF 5718.3 |
| 050 ## - LIBRARY OF CONGRESS CALL NUMBER | |
| Item number | .T35 2009 |
| 100 ## - MAIN ENTRY--PERSONAL NAME | |
| Personal name | Talbot, Fiona. |
| 245 #0 - TITLE STATEMENT | |
| Title | Executive writing skills for managers : |
| 245 #0 - TITLE STATEMENT | |
| Remainder of title | master word power to lead your teams, make strategic links and develop relationships / |
| 245 #0 - TITLE STATEMENT | |
| Statement of responsibility, etc | Fiona Talbot. |
| 260 ## - PUBLICATION, DISTRIBUTION, ETC. (IMPRINT) | |
| Place of publication, distribution, etc | London : |
| 260 ## - PUBLICATION, DISTRIBUTION, ETC. (IMPRINT) | |
| Name of publisher, distributor, etc | Kogan Page Ltd., |
| 260 ## - PUBLICATION, DISTRIBUTION, ETC. (IMPRINT) | |
| Date of publication, distribution, etc | 2009 |
| 300 ## - PHYSICAL DESCRIPTION | |
| Extent | 140 pages : |
| 300 ## - PHYSICAL DESCRIPTION | |
| Dimensions | 22 cm. |
| Withdrawn status | Lost status | Damaged status | Home library | Current library | Shelving location | Date acquired | Cost, normal purchase price | Total Checkouts | Full call number | Barcode | Date last seen | Price effective from | Koha item type |
|---|---|---|---|---|---|---|---|---|---|---|---|---|---|
| South Mansfield College | South Mansfield College | 02/14/2001 | 395.00 | MAIN HF 5718.3 .T35 2009 | SMC05307 | 05/23/2018 | 05/23/2018 |